Dialects of the United States on a Map - Statistics

General Stats
  • This quiz has been taken 683 times
  • The average score is 7 of 29
Answers on the Map
Answers color-coded by a green-red scale on the quiz's map according to % correct below.
 
Answer Stats
Answer % Correct
New York City
81%
Alaska
79%
Hawaii
79%
Boston Urban
68%
Chicago Urban
65%
San Francisco Urban
55%
Louisiana
42%
Pacific Northwest
33%
Pennsylvania German
29%
Rocky Mountains
28%
Ozark
25%
Southwestern
24%
Gullah
16%
Upper Midwestern
8%
Virginia Piedmont
8%
Hudson Valley
7%
Pacific Southwest
7%
Tidewater
7%
Ocracoke
6%
Coastal Southern
5%
North Midland
4%
Great Smoky Mountains
3%
Gulf Southern
3%
Inland Northern
3%
New England Eastern
3%
New England Western
3%
Southern Appalachian
3%
South Midland
3%
Bonac
1%
No matching quizzes found
Score Distribution
Percent of People with Each Score
Percentile by Number Answered
Your Score History
You have not taken this quiz